Los nuevos internacionalismos/

El documento presenta un análisis del internacionalismo obrero y sus activistas, articulando las identidades y luchas de clases con las luchas democráticas. Entendiendo el internacionalismo como oposición al capital y al estado más que al nacionalismo. Brindando definiciones esenciales, puntualizand...

Ausführliche Beschreibung

Gespeichert in:
Bibliographische Detailangaben
1. Verfasser: Waterman, Peter
Format: Buch
Sprache:Spanish
Veröffentlicht: Bilbao, España: Centro de Documentación e Investigación sobre países en Desarrollo, HEGOA, 1991
Schriftenreihe:Cuadernos de Trabajo de HEGOA
Schlagworte:
Tags: Tag hinzufügen
Keine Tags, Fügen Sie den ersten Tag hinzu!

MARC

LEADER 00000nam a22000007a 4500
003 cru CIDCACS/IIS
005 20220822112954.0
008 180402b1991 es |||||||||||||||||spa|d
040 |c cru CIDCACS/IIS 
090 |a 13.06.01 W328n 
100 1 |9 6858  |a Waterman, Peter 
245 1 4 |a Los nuevos internacionalismos/  |c Peter Waterman 
260 |a Bilbao, España:  |b Centro de Documentación e Investigación sobre países en Desarrollo, HEGOA,  |c 1991 
300 |a 39 páginas 
440 0 |9 6859  |a Cuadernos de Trabajo de HEGOA  |n 7 
500 |a Colección Alforja Cuenta con Anexo de Referencias bibliográficas que es el número de inscripción No. 18744 
520 3 |a El documento presenta un análisis del internacionalismo obrero y sus activistas, articulando las identidades y luchas de clases con las luchas democráticas. Entendiendo el internacionalismo como oposición al capital y al estado más que al nacionalismo. Brindando definiciones esenciales, puntualizando los sujetos y objetivos del internacionalismo, las formas y sus problemas de organización y liderazgo.  
650 1 0 |9 3308  |a INTERNACIONALISMO PROLETARIO 
650 1 0 |9 4  |a MOVIMIENTOS OBREROS 
650 1 0 |9 4290  |a ESTRUCTURA ORGANIZACIONAL  
942 |2 ddc  |c LI 
999 |c 41200  |d 41200